000 00526nam a2200217Ia 4500
003 OSt
005 20220924134032.0
006 a|||||r|||| 00| 0
007 ta
008 220923b |||||||| |||| 00| 0 snd d
024 _a271892
037 _cTextual
040 _aARTS
_cARTS
_bsnd
041 _2snd
_asnd
082 _aO157,1M61w
100 _aBhagchand
_9207939
245 0 _aDoctor Rabindranath Tagore
260 _c1941
942 _hO157,1M61w
_cTEXL
_2CC
999 _c436192
_d436192